000 00837cam a22002533a 4500
001 26641
003 PGUSA
005 20140828083556.0
008 080916s2008||||xxu|||||s|||||000 1 eng d
040 _aPGUSA
_beng
042 _adc
050 4 _aPZ
100 1 _aWesterman, Percy F.
_q(Percy Francis),
_d1876-1959
245 1 4 _aThe Submarine Hunters :
_bA Story of the Naval Patrol Work in the Great War
_h[electronic resource] /
_cPercy F. Westerman
260 _bProject Gutenberg,
_c2008
506 _aPublic domain in the USA.
516 _aElectronic text
653 _aSubmarines (Ships) -- Juvenile fiction
653 _aWorld War, 1914-1918 -- Naval operations -- Juvenile fiction
700 1 _aHodgson, Edward S.
830 0 _aProject Gutenberg
_v26641
856 4 0 _uhttp://www.gutenberg.org/ebooks/26641
942 _cEB
999 _c255896
_d255896